000 00631nam a2200229Ia 4500
003 OSt
005 20220924121437.0
006 a|||||r|||| 00| 0
007 ta
008 220923b |||||||| |||| 00| 0 urd d
024 _a267395
037 _cTextual
040 _aARTS
_cARTS
_burd
041 _2urd
_aurd
082 _aO168,1M00:g, K6
100 _aAhmad Mohammad Manzoor Ed.
_9185873
245 0 _aYadgar-e- momin
260 _aHyderabad
_bUrdu Majlis India
_c1966
650 _aURDU POETRY
942 _hO168,1M00:g, K6
_cTEXL
_2CC
999 _c407515
_d407515